000 00716nab a2200181 4500
001 244442
003 OSt
005 20240730074731.0
007 tu
008 200917s2020|||||||
040 _aDE-2950
_cDE-2950
245 0 0 _aUmleitung - Topfmarkt wird zur Baustelle
_bBarrierefreiheit. Der Umbau der Straßenbahnhaltestelle in der nördlichen Karl-Marx-Straße in Frankfurt startet heue. Autofahrer und alle, die die Linie 4 nutzen, müssen sich auf Einschränkungen und Ersatzverkehr einstellen/
_cLisa Larossa
264 _c2024
653 _aFrankfurt (Oder)
653 _aHaltestellenumbau
773 0 _g35. Jahrgang (2024) Nr. 166 vom 18.07.2024, S. 15 mit Foto
_tMärkische Oderzeitung
942 _2z
_cA
999 _c373262
_d373262